000 00465nam a2200181Ia 4500
001 9507
005 20260306161723.0
008 260306t2022||||xx |||||||||||||| ||spa||
041 _aESP
082 _a379.85
_bE32
100 _aEguren, Mariana,
_eAUT
245 0 _aDiversos y desiguales :
_bdoscientos años de escuela pública en el Perú
260 _c2022
300 _a176 páginas :
_c21 cm.
650 _aGEN
654 _aCED
942 _cLIB
_dJUS
_fJUS
_2ddc
_n
999 _c9507
_d9507